Winesburg, Ohio / (Record no. 8610)
[ view plain ]
| 000 -LEADER | |
|---|---|
| fixed length control field | 00679nam a2200229 a 4500 |
| 001 - CONTROL NUMBER | |
| JCCL Control Number | 8610 |
| 003 - CONTROL NUMBER IDENTIFIER | |
| JCCL marc code | BD - JhCC |
| 005 - DATE AND TIME OF LATEST TRANSACTION | |
| control field | 20180920130827.0 |
| 008 - FIXED-LENGTH DATA ELEMENTS--GENERAL INFORMATION | |
| fixed length control field | 880808s19671922enk 000 0 eng d |
| 035 ## - SYSTEM CONTROL NUMBER | |
| system control number | (BD - JhCC)8610 |
| 035 ## - SYSTEM CONTROL NUMBER | |
| system control number | (OCoLC)5380606 |
| 040 ## - CATALOGING SOURCE | |
| Original cataloging agency | HDC |
| Transcribing agency | HDC |
| Modifying agency | m.c |
| -- | BD - JhCC |
| 041 ## - LANGUAGE CODE | |
| Language code of Book | eng |
| 082 ## - DEWEY DECIMAL CLASSIFICATION NUMBER | |
| Author mark and Year | AND 1922 |
| Classification number | 813.52 |
| 100 1# - MAIN ENTRY--PERSONAL NAME | |
| Personal name | Anderson, Sherwood, |
| Dates associated with a name | 1876-1941. |
| 245 10 - TITLE STATEMENT | |
| Title | Winesburg, Ohio / |
| Statement of responsibility, etc | Introduction by Malcolm Cowley |
| 250 ## - EDITION STATEMENT | |
| Edition statement | [New edition, with introduction by Malcolm Cowley. Reissued in Great Britain 1967.] |
| 260 ## - PUBLICATION, DISTRIBUTION, ETC. (IMPRINT) | |
| Place of publication, distribution, etc | London : |
| Name of publisher, distributor, etc | Jonathan Cape, |
| Date of publication, distribution, etc | [1967, c1922] |
| 300 ## - PHYSICAL DESCRIPTION | |
| Pagination | 247 p. ; |
| Dimensions | 21 cm |
| 942 ## - ADDED ENTRY ELEMENTS (KOHA) | |
| Source of classification or shelving scheme | Dewey Decimal Classification |
| Koha item type | Books |
| Source of classification or shelving scheme | Damaged status | Not for loan | Home library | Current library | Shelving location | Total Checkouts | Full call number | Barcode | Date last seen | Copy number | Koha item type |
|---|---|---|---|---|---|---|---|---|---|---|---|
| Dewey Decimal Classification | JCC Rouf Library | JCC Rouf Library | General Stacks | 813.52 AND 1922 | 9315 | 02/28/2018 | C - 1 | Books |